Sześć stopni oddalenia – Państwa #2 - Statystyki

Ogólne statystyki
  • Ten quiz został rozwiązany 3 952 razy
  • Średni wynik to 10 z 24
Statystyki odpowiedzi
Kolor Pytanie Odpowiedź % Poprawnych
Zielony Johannesburg to największe miasto w... Republika Południowej Afryki
93%
Niebieski Piramida Cheopsa znajduje się w... Egipt
72%
Niebieski Który w 2022 najechał na... Ukraina
55%
Niebieski Który podpisał w 1979 traktat pokojowy z... Izrael
52%
Niebieski Do którego wyemigrowało ponad 1 million osób z... Rosja
51%
Zielony Którego pierwsze litery wyrazów angielskiej nazwy, SA, są takie, jak u... Arabia Saudyjska
50%
Czerwony Zair to dawna nazwa... Demokratyczna Republika Konga
44%
Czerwony Który był kolonią... Belgia
42%
Żółty Mogadiszu to stolica... Somalia
42%
Czerwony Który jest całkowicie otoczony przez Morze Śródziemne, tak jak... Cypr
41%
Czerwony Który sąsiaduje z Wielkim Księstwem... Luksemburg
41%
Niebieski Który jest połączony mostem z... Dania
40%
Żółty Który spośród państw azjatyckich najbliżej ma do... Jemen
40%
Czerwony Który jest drugim najmniej zaludnionym krajem UE, zaraz po... Malta
40%
Żółty Który na wschodzie sąsiaduje z... Oman
39%
Niebieski Którego flaga ma prawie te same kolory, co... Szwecja
39%
Czerwony Który najbliżej ma do... Turcja
39%
Zielony Który ilością rezerw ropy naftowej ustępuje jedynie... Wenezuela
38%
Zielony Który niepodległość uzyskał od... Wielka Brytania
36%
Zielony Który ma najstarszy uniwersytet na świecie, nie licząc... Włochy
36%
Zielony Który rości sobie prawo do 75% terytorium sąsiada, jakim jest... Gujana
33%
Żółty Który jest rządzony przez sułtana, tak jak... Brunei
27%
Żółty Który jest jednym z dwóch państw z orangutanami, a to drugie to... Indonezja
27%
Żółty Który z trzech stron otoczony jest przez... Malezja
26%
Nie znaleziono quizów pasujących do podanych kryteriów
Rozkład punktacji
Procent ludzi z każdym wynikiem
Percentyl według liczby udzielonych odpowiedzi
Twoja historia wyników
Nie rozwiązałeś tego quizu